| 000 | 01104nam a2200241 a 4500 | ||
|---|---|---|---|
| 001 | 72733 | ||
| 003 | BD-RjUL | ||
| 005 | 20211209082313.0 | ||
| 008 | 170523s1999 bg a|||| |||| 000 0 ben d | ||
| 020 | _c: Tk. 250.00 | ||
| 035 | _a(BD-RjUL)72951 | ||
| 040 |
_aBD-RjUL _bben _cBD-RjUL _dBD-RjUL |
||
| 041 | _aben | ||
| 082 |
_223 _a954.92 _bHAB 1999 |
||
| 100 | 1 |
_aহায়দার, আবুল কাশেম _9215143 |
|
| 245 | 1 | 0 |
_aবাংলাদেশের উন্নয়নের ইতিহাস : _bনওয়াব সলীমুল্লাহ থেকে খালেদা জিয়া / _cআবুল কাশেম হায়দার এবং সোহেল মাহমুদ |
| 260 |
_aঢাকা : _bপ্যাণোরমা পাবলিকেশন, _c১৯৯৯ [১৪০৬] |
||
| 300 |
_a৪৫৪ পৃ. : _bচিত্র. ; _c২৭ সেমি. |
||
| 651 |
_aবাংলাদেশ _xইতিহাস _9215144 |
||
| 651 |
_aBangladesh _xHistory _9215145 |
||
| 700 |
_aমাহমুদ, সোহেল _9215146 |
||
| 942 |
_2ddc _cBK |
||
| 999 |
_c72733 _d72733 |
||